[Event "XXXII Open"]
[Site "Barbera ESP"]
[Date "2009.07.05"]
[Round "2"]
[White "Orzech,D"]
[Black "Alonso Moyano,J"]
[Result "1-0"]
[WhiteElo "2466"]
[BlackElo "2365"]

1.d4 f5 2.g3 Nf6 3.Bg2 g6 4.Nf3 Bg7 5.O-O O-O 6.c4 d6 7.Nc3 Na6 8.b3 e5 9.dxe5 Ng4
10.Bg5 Qe8 11.Nd5 Nxe5 12.Ne7+ Kh8 13.Nxc8 Qxc8 14.Nxe5 Bxe5 15.Qd2 Nc5 16.Bh6 Re8
17.b4 Ne4 18.Qc2 a5 19.b5 Qe6 20.Rad1 Bf6 21.h4 Nc3 22.Bxb7 Qxc4 23.Rd2 Rab8
24.Bc6 Rxe2 25.Kg2 d5 26.Rc1 d4 27.a4 Re6 28.Bf3 Rbe8 29.Rd3 Re1 30.Bd2 Rxc1
31.Bxc1 Qe6 32.Bc6 Rd8 33.Bd2 Qe5 34.Qb3 Kg7 35.Qc4 Qe7 36.Bf3 Rd7 37.Bxc3 dxc3
38.Rxc3 Bxc3 39.Qxc3+ Qf6 40.Qxa5 f4 41.g4 Qxh4 42.Qb4 Qg5 43.Kf1 Qe5 44.Kg2 h5
45.gxh5 gxh5 46.a5 Kh6 47.Qf8+ Rg7+ 48.Kh2 Qg5 49.Kh3 Qe5 50.a6 Kg6 51.a7 Qe6+
52.Kh2 Qe1 53.Be4+ Qxe4 54.a8=Q Qd4 55.Qg2+ Kh7 56.Qf5+ Kh6 57.Qc6+  1-0

[Event "8th Open"]
[Site "La Fere FRA"]
[Date "2009.07.06"]
[Round "4"]
[White "Wirig,A"]
[Black "Malaniuk,V"]
[Result "1/2-1/2"]
[WhiteElo "2491"]
[BlackElo "2563"]

1.d4 f5 2.Nf3 g6 3.c4 Nf6 4.g3 Bg7 5.Bg2 O-O 6.O-O d6 7.Nc3 c6 8.Rb1 a5 9.d5 e5
10.dxe6 Bxe6 11.b3 Na6 12.Ng5 Re8 13.Nxe6 Rxe6 14.a3 Nc5 15.b4 axb4 16.axb4 Nfe4
17.Bb2 Nxc3 18.Bxc3 Ne4 19.Bxg7 Kxg7 20.Bxe4 Rxe4 21.Qd3 Qe7 22.e3 Qe6 23.Rfc1 Rd8
24.Qc3+ Qf6 25.Qa3 Rd7 26.c5  1/2-1/2

[Event "XXXII Open"]
[Site "Barbera ESP"]
[Date "2009.07.09"]
[Round "6"]
[White "Cruz,Cr"]
[Black "Alonso Moyano,J"]
[Result "1-0"]
[WhiteElo "2525"]
[BlackElo "2365"]

1.d4 f5 2.g3 Nf6 3.Bg2 g6 4.Nf3 Bg7 5.O-O O-O 6.c4 d6 7.Nc3 Qe8 8.d5 Na6
9.Rb1 c6 10.Nd4 Bd7 11.dxc6 bxc6 12.b4 Rc8 13.a3 Nc7 14.b5 cxb5 15.cxb5 Ne6
16.Nxe6 Bxe6 17.Nd5 Nxd5 18.Bxd5 Bxd5 19.Qxd5+ Qf7 20.Qxf7+ Kxf7 21.Be3 Rc7
22.Rfc1 Rfc8 23.Rxc7 Rxc7 24.a4 d5 25.a5 d4 26.Bd2 Rc2 27.Bb4 Be5 28.Kf1 Ke6
29.Ke1 Bd6 30.Bxd6 Kxd6 31.b6 axb6 32.axb6 Rc8 33.Kd2 e5 34.b7 Rb8 35.Kd3 Kc5
36.f3 g5 37.g4 e4+ 38.fxe4 fxg4 39.e5 Kd5 40.e6 Kxe6 41.Kxd4 h5 42.Kc5 Kf5
43.Kc6 Kf4 44.Kc7 Rxb7+ 45.Kxb7 g3 46.Rb4+ Ke3 47.hxg3 Kxe2 48.g4  1-0

[Event "6th South Wales Int"]
[Site "Treforest WLS"]
[Date "2009.07.11"]
[Round "1"]
[White "Gosling,B"]
[Black "Thomas,Jam"]
[Result "0-1"]
[WhiteElo "2010"]
[BlackElo "1868"]

1.Nf3 f5 2.g3 Nf6 3.d4 g6 4.Bg2 Bg7 5.O-O O-O 6.c4 d6 7.Nc3 c6 8.Bf4 Nh5
9.e3 Qe8 10.d5 h6 11.h4 c5 12.Nb5 Qd8 13.a4 Na6 14.Rb1 Nb4 15.Qd2 a6 16.Nc3 Nxf4
17.exf4 Qe8 18.Rfe1 Bf6 19.Re2 Bd7 20.b3 b5 21.Ne5 dxe5 22.fxe5 Bg7 23.e6 Bc8
24.d6 Ra7 25.cxb5 exd6 26.b6 Re7 27.Nd5 Nxd5 28.Bxd5 Bb7 29.Bxb7 Rxb7 30.Qxd6 Qe7
31.Qxe7 Rxe7 32.Rd1 Bd4 33.b4 Rb8 34.a5 Kg7 35.bxc5 Bxc5 36.Rd7 Rxd7 37.exd7 Kf7
38.b7 Be7 39.Rd2 Ke6 40.Rb2 Bd8  0-1

[Event "FSGM July"]
[Site "Budapest HUN"]
[Date "2009.07.13"]
[Round "10"]
[White "Lorscheid,G"]
[Black "Antal,Ge"]
[Result "1/2-1/2"]
[WhiteElo "2345"]
[BlackElo "2479"]

1.d4 f5 2.g3 Nf6 3.Bg2 g6 4.Nf3 Bg7 5.O-O O-O 6.c4 d6 7.Nc3 Qe8 8.d5 Na6
9.Rb1 c5 10.dxc6 bxc6 11.b4 Bd7 12.a3 h6 13.Bb2 g5 14.e3 Rc8 15.Qe2 Nc7 16.c5 g4
17.Nh4 d5 18.f3 gxf3 19.Rxf3 Ng4 20.Qc2 Ne5 21.Rxf5 Bxf5 22.Nxf5 Bf6 23.Nxh6+ Kh8
24.Qf5 Qg6 25.Qh3 Qh7 26.Rf1 Nc4 27.Rf5 Nxb2 28.Rh5 Qg6 29.Nf5+ Kg8 30.Rh6 Qg5
31.Rh5 Qg6 32.Rh6 Qf7 33.Qg4+ Bg7 34.Rh5 Qf6 35.Nh6+ Kh8 36.Nf5+ Kg8 37.Nh6+ Kh8
38.Nf5+  1/2-1/2

[Event "6th South Wales Int"]
[Site "Treforest WLS"]
[Date "2009.07.15"]
[Round "7"]
[White "Jain,R"]
[Black "Van Kemenade,R"]
[Result "1-0"]
[WhiteElo "1788"]
[BlackElo "1994"]

1.d4 f5 2.Nf3 Nf6 3.g3 g6 4.Bg2 Bg7 5.O-O O-O 6.c4 d6 7.b4 c6 8.Bb2 Na6 9.Qb3 Kh8
10.Nc3 Qe8 11.d5 Nc7 12.Rac1 h6 13.Nd4 Bd7 14.dxc6 bxc6 15.b5 c5 16.Nc6 e5
17.Rfd1 Ne6 18.Rxd6 Nd4 19.Nxd4 exd4 20.Bxa8 Qxa8 21.Nd5 Qb8 22.Ra6 Nxd5
23.cxd5 Bxb5 24.Ra5 Bxe2 25.Raxc5 Qxb3 26.axb3 d3 27.Bxg7+ Kxg7 28.Rc7+ Kf6
29.f4 Rf7 30.d6 d2 31.Ra1 d1=Q+ 32.Rxd1 Bxd1 33.d7 Rxd7 34.Rxd7 Bxb3 35.Rxa7 g5
36.Ra6+ Kg7 37.Kf2 gxf4 38.gxf4 h5 39.Kg3 Bd1 40.h3  1-0

[Event "6th South Wales Int"]
[Site "Treforest WLS"]
[Date "2009.07.16"]
[Round "9"]
[White "Gibson,Ch"]
[Black "Thomas,Jam"]
[Result "1/2-1/2"]
[WhiteElo "1991"]
[BlackElo "1868"]

1.d4 f5 2.g3 Nf6 3.Bg2 g6 4.Nf3 Bg7 5.O-O O-O 6.c4 d6 7.Nc3 c6 8.Re1 Qe8
9.e4 fxe4 10.Nxe4 Nxe4 11.Rxe4 Bf5 12.Re3 Qd7 13.Bd2 Bg4 14.Bc3 Bh6 15.Rd3 Bf5
16.Bd2 Bg7 17.Rb3 Bg4 18.Rd3 Bf5  1/2-1/2

[Event "6th South Wales Int"]
[Site "Treforest WLS"]
[Date "2009.07.16"]
[Round "9"]
[White "Jain,R"]
[Black "Goodger,M"]
[Result "0-1"]
[WhiteElo "1788"]
[BlackElo "2158"]

1.d4 f5 2.g3 Nf6 3.Bg2 g6 4.Nf3 Bg7 5.O-O O-O 6.c4 d6 7.b4 Qe8 8.Bb2 c6 9.Nbd2 Na6
10.Qb3 Nc7 11.Rfe1 h6 12.e4 fxe4 13.Nxe4 Nxe4 14.Rxe4 Bf5 15.Re3 Qf7 16.Rae1 Rae8
17.c5 Nd5 18.R3e2 Bg4 19.cxd6 exd6 20.Rxe8 Rxe8 21.Rxe8+ Qxe8 22.b5 Qe2 23.bxc6 bxc6
24.h3 Bf5 25.Nh4 Qe1+ 26.Kh2 Qxf2 27.Nxf5 gxf5 28.Kh1 Kh7 29.Bxd5 cxd5 30.Qc3 Qf1+
31.Kh2 Qf2+ 32.Kh1 h5 33.a4 Qf1+ 34.Kh2 Qf2+ 35.Kh1 h4 36.gxh4 Qf1+ 37.Kh2 Qf2+
38.Kh1 Qxh4 39.a5 Qe4+ 40.Kg1 a6 41.Qd2 Bh6  0-1

[Event "32nd Aegean Open"]
[Site "Aghios Kirykos GRE"]
[Date "2009.07.19"]
[Round "9"]
[White "Markus,Rob"]
[Black "Klip,H"]
[Result "1-0"]
[WhiteElo "2587"]
[BlackElo "2351"]

1.d4 f5 2.Nf3 Nf6 3.g3 g6 4.Bg2 Bg7 5.O-O O-O 6.c4 d6 7.Nc3 c6 8.Qb3 Na6
9.Rd1 Kh8 10.Qa3 Nc7 11.Ne1 Be6 12.d5 cxd5 13.cxd5 Bg8 14.Be3 a5 15.Bd4 Qd7
16.Nc2 Rfc8 17.Rac1 Rcb8 18.b4 axb4 19.Qxb4 Na6 20.Qb2 Nc5 21.e4 fxe4 22.Nxe4 Ncxe4
23.Bxe4 Rc8 24.Ne3 Rxc1 25.Rxc1 Rc8 26.Re1 Bf7 27.Bf3 h5 28.h4 Ra8 29.Ng2 Ra4
30.Nf4 Kh7 31.Bg2 Rc4 32.Bf1 Rc7 33.Qb3 Ne8 34.Bh3 Qxh3 35.Nxh3 Bxd4 36.Ng5+ Kg7
37.Re4 Bf6 38.Nxf7 Kxf7 39.Rc4 Rc5 40.Rxc5 dxc5 41.d6+  1-0

[Event "Corporation Centre Cup"]
[Site "Izhevsk RUS"]
[Date "2009.07.20"]
[Round "6"]
[White "Verdnikov,V"]
[Black "Sabaev,E"]
[Result "1/2-1/2"]
[WhiteElo "2191"]
[BlackElo "2270"]

1.d4 f5 2.c4 Nf6 3.Nf3 g6 4.g3 Bg7 5.Bg2 O-O 6.O-O d6 7.Nc3 Qe8 8.d5 h6 9.Nd4 Na6
10.Rb1 Nc5 11.b4 Nce4 12.Ncb5 Qd8 13.f3 Ng5 14.Bb2 a6 15.Nc3 e5 16.dxe6 Nxe6
17.e3 c6 18.Nce2 Qe7 19.Re1 Qf7 20.Qc2 Bd7 21.Rbd1 Rad8 22.Nb3 Bc8 23.a4 Rfe8
24.Bf1 Ng5 25.Kf2 Ne6 26.Ned4 Kh8 27.Nxe6 Bxe6 28.Nd4 c5 29.Nxe6 Qxe6 30.bxc5 dxc5
31.Rxd8 Rxd8 32.Bc3 h5 33.h4 Rd7 34.a5 Ne8 35.e4 Bd4+ 36.Bxd4+ Rxd4 37.exf5 Qd7
38.Kg1 gxf5 39.Qe2 Nd6 40.Qe5+ Qg7 41.Qxg7+ Kxg7 42.Re5 f4 43.Rxc5 fxg3 44.Rxh5 Kf6
45.Rd5 Rxd5 46.cxd5 Nf5 47.Bh3 Nxh4 48.Bc8 Nxf3+ 49.Kg2 Nd4 50.d6 Nb3 51.Bxb7 Nxa5
52.Bd5 Nb7 53.Bxb7 Ke6  1/2-1/2

[Event "Czech Open A"]
[Site "Pardubice CZE"]
[Date "2009.07.24"]
[Round "1"]
[White "Kantans,T"]
[Black "Khaetsky,R"]
[Result "1-0"]
[WhiteElo "2209"]
[BlackElo "2386"]

1.Nf3 f5 2.g3 Nf6 3.Bg2 g6 4.O-O Bg7 5.c4 O-O 6.d4 d6 7.Nc3 Nc6 8.d5 Na5
9.Qd3 c5 10.Re1 e5 11.dxe6 Bxe6 12.b3 Ne4 13.Bb2 Nc6 14.Qc2 Nb4 15.Qc1 Qf6
16.Nd1 Qe7 17.Nd2 Bf6 18.f4 g5 19.Nxe4 fxe4 20.a3 Nc6 21.e3 Bf5 22.Nf2 Rae8
23.Qd1 Bg7 24.Bxg7 Qxg7 25.Nxe4 Bxe4 26.Bxe4 gxf4 27.exf4 Nd4 28.Qh5 Kh8
29.Rad1 Re7 30.Bd5 Rf5 31.Qh4 Ne2+ 32.Kf2 Qb2 33.Kf1 Rf6 34.Rd2 Nxf4 35.Rxb2  1-0

[Event "ch-Euro Senior"]
[Site "Rogaska Slatina SLO"]
[Date "2009.07.24"]
[Round "3"]
[White "Vucenovic,D"]
[Black "Azar,P"]
[Result "1-0"]
[WhiteElo "2309"]
[BlackElo "2070"]

1.d4 f5 2.g3 Nf6 3.Bg2 g6 4.Nf3 Bg7 5.O-O O-O 6.c4 d6 7.Nc3 Qe8 8.d5 a5 9.Be3 Na6
10.Qd2 Ng4 11.Bd4 Bxd4 12.Nxd4 Nc5 13.b3 e5 14.dxe6 c6 15.Rad1 Qe7 16.a3 Rd8
17.Rfe1 Bxe6 18.e4 fxe4 19.Nxe4 Ne5 20.Nxe6 Nxe4 21.Rxe4  1-0

[Event "Dutch Open"]
[Site "Dieren NED"]
[Date "2009.07.25"]
[Round "5"]
[White "Bitalzadeh,A"]
[Black "Reinderman,D"]
[Result "1/2-1/2"]
[WhiteElo "2434"]
[BlackElo "2565"]

1.d4 f5 2.Nf3 Nf6 3.c4 g6 4.g3 Bg7 5.Bg2 O-O 6.O-O d6 7.Nc3 c6 8.Rb1 Nh5
9.e4 e5 10.dxe5 dxe5 11.Qxd8 Rxd8 12.Re1 f4 13.Bf1 Na6 14.b4 Nc7 15.c5 Ne6
16.Bc4 Kf8 17.Ne2 Re8 18.Kg2 g5 19.h3 Bf6 20.Bb2 Nd8 21.Nc1 Be6 22.Bxe6 Rxe6
23.Rd1 Nf7 24.Bc3 Ke8 25.b5 b6 26.Nd3 cxb5 27.Rxb5 Rd8 28.Rd2 bxc5 29.Nxc5 Rxd2
30.Nxd2 Rb6 31.Ra5 Rc6 32.Ndb3 Be7 33.Bb4 Rc7 34.Kf3 Nf6 35.Ra6 h5 36.g4 hxg4+
37.hxg4 Nd7 38.Ne6 Rb7 39.Ng7+ Kf8 40.Ne6+ Ke8 41.Ng7+ Kf8 42.Bxe7+ Kxe7
43.Na5 Nc5 44.Nf5+ Ke8 45.Rc6 Rb5 46.Nc4 Kd8 47.Rf6 Rb7 48.Rg6 Rb4 49.Ncd6 Nxd6
50.Rxd6+ Kc7 51.Rd5 Nxe4 52.Rxe5 Nd2+ 53.Ke2 Rb2 54.Re7+ Kb6 55.a4 Ne4+ 56.Kf3 Nxf2
57.Nd6 Kc5 58.Nf5 Nd3 59.Rc7+ Kb6 60.Rg7 Ne1+ 61.Ke4 Rb4+ 62.Kd5 f3 63.Rg6+ Ka5
64.Rxg5 f2 65.Ng3 Kxa4 66.Rg7 a5 67.Rf7 Rxg4 68.Ne4 Nd3 69.Kd4 Rf4 70.Rxf4 Nxf4
71.Nxf2 Kb4 72.Ke3 Ne6 73.Kd2 Kb3 74.Kc1 Nc5 75.Kb1 a4 76.Nd1 a3 77.Ne3 Ne4
78.Nf5 Nc3+ 79.Ka1 Ne2 80.Kb1 a2+ 81.Ka1 Ka3 82.Nd4 Nxd4  1/2-1/2

[Event "Czech Open A"]
[Site "Pardubice CZE"]
[Date "2009.07.25"]
[Round "2"]
[White "Richter,Mic"]
[Black "Hagesaether,E"]
[Result "1-0"]
[WhiteElo "2427"]
[BlackElo "2249"]

1.d4 f5 2.g3 Nf6 3.Bg2 g6 4.c4 Bg7 5.Nf3 O-O 6.O-O d6 7.Nc3 Qe8 8.Re1 Qf7
9.e4 Nxe4 10.Nxe4 fxe4 11.Rxe4 Qxc4 12.Rxe7 Na6 13.Be3 c6 14.Nd2 Qb4 15.a3 Qa5
16.Nc4 Qd8 17.Bg5 Bf6 18.Bxf6 Rxf6 19.Re3 Nc7 20.d5 c5 21.Qd2 Rf7 22.Rae1 b5
23.Na5 Bd7 24.Nb7 Qf8 25.Nxc5 dxc5 26.d6 Ne6 27.Bxa8 Qxa8 28.Rxe6 Bxe6 29.Rxe6 Qc6
30.Qe3 Kf8 31.Qe4  1-0

[Event "Czech Open A"]
[Site "Pardubice CZE"]
[Date "2009.07.26"]
[Round "3"]
[White "Hagesaether,E"]
[Black "Khaetsky,R"]
[Result "1/2-1/2"]
[WhiteElo "2249"]
[BlackElo "2386"]

1.Nf3 f5 2.d4 Nf6 3.g3 g6 4.Bg2 Bg7 5.O-O O-O 6.c4 d6 7.Nc3 Qe8 8.Re1 Qf7
9.e4 fxe4 10.Nxe4 Bg4 11.Neg5 Qxc4 12.h3 Bxf3 13.Bxf3 Nc6 14.Ne6 d5 15.b3 Qb4
16.Bf4 Nh5 17.a3 Qc3 18.Rc1 Qb2 19.Bxh5 gxh5 20.Nxg7 Kxg7 21.Qxh5 Kh8 22.Be5+ Nxe5
23.Qxe5+ Rf6 24.Qe2 Qxd4 25.Rxc7 Raf8 26.Rxe7 Rxf2 27.Qe5+ Qxe5 28.R7xe5 d4
29.Re8 Rf1+ 30.Rxf1 Rxe8 31.Rf7 Re3 32.Rxb7 Rxg3+ 33.Kf2 Rxh3 34.Rxa7 Rxb3
35.Rd7  1/2-1/2

[Event "Czech Open A"]
[Site "Pardubice CZE"]
[Date "2009.07.29"]
[Round "6"]
[White "Pajeken,W"]
[Black "Bernasek,J"]
[Result "1/2-1/2"]
[WhiteElo "2322"]
[BlackElo "2470"]

1.Nf3 f5 2.d4 Nf6 3.g3 g6 4.Bg2 Bg7 5.O-O O-O 6.c4 d6 7.Nc3 Qe8 8.d5 a5 9.Nd4 Na6
10.e4 fxe4 11.Nxe4 Nxe4 12.Bxe4 Bh3 13.Re1 Qf7 14.Be3 Nc5 15.Bh1 Rae8 16.Qd2 e5
17.dxe6 Nxe6 18.Nxe6 Bxe6 19.Rac1 c6 20.b3 Bh3 21.Bd4 Bxd4 22.Qxd4 Rxe1+
23.Rxe1 Re8 24.Re4 Rxe4  1/2-1/2

[Event "Dutch Open"]
[Site "Dieren NED"]
[Date "2009.07.30"]
[Round "9"]
[White "Hoeksema,E"]
[Black "Nijboer,F"]
[Result "1/2-1/2"]
[WhiteElo "2309"]
[BlackElo "2552"]

1.d4 f5 2.Nf3 Nf6 3.g3 g6 4.Bg2 Bg7 5.O-O O-O 6.c4 d6 7.Nc3 c6 8.d5 e5 9.dxe6 Bxe6
10.Qd3 Na6 11.Ng5 Bc8 12.Bf4 Nh5 13.Bd2 Nc5 14.Qc2 f4 15.Nf3 Bf5 16.Qc1 g5
17.gxf4 gxf4 18.Bxf4 Nxf4 19.Qxf4 Be6 20.Qg3 Bxc4 21.Rad1 Rf6 22.Ne5 Be6
23.b4 Qe7 24.bxc5 dxe5 25.Rd6 Rg6 26.Qe3 Bh6 27.Qe4 Rg4 28.f4 Re8 29.e3 exf4
30.exf4 Bg7 31.h3 Rg3 32.Ne2 Bd5 33.Nxg3 Bxe4 34.Nxe4 Kh8 35.f5 Be5 36.Re6 Qf8  1/2-1/2

[Event "Czech Open A"]
[Site "Pardubice CZE"]
[Date "2009.07.31"]
[Round "8"]
[White "Krensing,J"]
[Black "Potapov,Alexa1"]
[Result "0-1"]
[WhiteElo "2299"]
[BlackElo "2461"]

1.d4 f5 2.Nf3 Nf6 3.g3 g6 4.Bg2 Bg7 5.O-O O-O 6.c4 d6 7.Nc3 Qe8 8.d5 a5 9.Nd4 Na6
10.e4 fxe4 11.Nxe4 Nxe4 12.Bxe4 Bh3 13.Re1 Nc5 14.Bh1 Qf7 15.Be3 Rae8 16.Qd2 b6
17.Rab1 g5 18.b3 Qg6 19.Rbd1 Rf7 20.Ne6 Bxe6 21.dxe6 Rf5 22.Qc2 Rf6 23.Qd2 Ref8
24.Bd4 Rf5 25.Bxc5 Rxc5 26.Be4 Qh5 27.Qe2 g4 28.Bd5 c6 29.Bg2 Bc3 30.Rf1 Re5
31.Qd3 Bb4 32.f3 Bc5+ 33.Kh1 Rxe6 34.fxg4 Rxf1+ 35.Rxf1 Qxg4 36.Bxc6 Re3
37.Qd1 Qxd1 38.Rxd1 Re2 39.a4 e5 40.Rf1 e4 41.Rf4 e3 42.Rg4+ Kf8 43.Rf4+ Kg7
44.Rg4+ Kh8 45.Bf3 Rf2 46.Bd5 h5 47.Rg8+ Kh7 48.Re8 e2 49.Be4+ Kg7 50.Bd3 Rf1+  0-1

[Event "Open"]
[Site "Kavala GRE"]
[Date "2009.08.01"]
[Round "1"]
[White "Filippas,S"]
[Black "Gelashvili,T"]
[Result "0-1"]
[WhiteElo "2224"]
[BlackElo "2605"]

1.d4 g6 2.c4 f5 3.Nf3 Nf6 4.g3 Bg7 5.Bg2 O-O 6.O-O d6 7.Nc3 Qe8 8.d5 Na6
9.Nd4 Bd7 10.Rb1 c6 11.b3 Nc7 12.Bb2 c5 13.Nf3 h6 14.Ne1 b5 15.cxb5 Nxb5
16.Nxb5 Bxb5 17.Nc2 a5 18.Re1 Qf7 19.Na3 Bd7 20.Nc4 Rfb8 21.Qd2 a4 22.bxa4 Bxa4
23.Bxf6 Rxb1 24.Rxb1 Qxf6 25.e4 fxe4 26.Bxe4 Be8 27.Kg2 Qd4 28.Qc2 Bf7 29.Nb6 Rf8
30.Rd1 Qc3 31.Qxc3 Bxc3 32.Rd3 Bb4 33.a3 Ba5 34.Nc4 Ra8 35.Rb3 Bd8 36.Ne3 Kg7
37.Bd3 Ba5 38.Be4 Bd2 39.Nc4 Bc1 40.Rc3 Bg5 41.Nb6 Rb8 42.Rb3 e6  0-1

[Event "ch-AUT"]
[Site "Jenbach AUT"]
[Date "2009.08.02"]
[Round "9"]
[White "Allacher,E"]
[Black "Muehlbacher,B"]
[Result "1-0"]
[WhiteElo "2111"]
[BlackElo "2156"]

1.d4 f5 2.g3 Nf6 3.Bg2 g6 4.Nf3 Bg7 5.c4 O-O 6.O-O d6 7.Nc3 c6 8.d5 e5 9.dxe6 Bxe6
10.Bf4 Ne8 11.Qd3 Na6 12.b3 Nc5 13.Qc2 Bf7 14.Rac1 Ne6 15.Be3 Qc7 16.Qd2 Nf6
17.Nd4 Nc5 18.f3 Ncd7 19.Bh6 Rfe8 20.Bxg7 Kxg7 21.Rcd1 Rad8 22.Qg5 Kh8 23.e4 Qa5
24.Rd3 Ng8 25.exf5 Qc5 26.Ne4 Qe5 27.f4 Qg7 28.Nxd6 Nc5 29.Nxf7+ Qxf7 30.Rdd1 gxf5
31.Qxf5 Qe7 32.Nc2 Rxd1 33.Rxd1 Nf6 34.Re1 Nce4 35.Bxe4 Nxe4 36.Kg2  1-0

[Event "Arctic Chess Challenge"]
[Site "Tromso NOR"]
[Date "2009.08.05"]
[Round "5"]
[White "Hanssen,G"]
[Black "Karlsen,S"]
[Result "0-1"]
[WhiteElo "2215"]
[BlackElo "2013"]

1.Nf3 g6 2.d4 f5 3.c4 Nf6 4.g3 Bg7 5.Bg2 O-O 6.O-O Na6 7.Nc3 c6 8.Rb1 Ne4
9.Qb3 Qb6 10.Qc2 d6 11.Be3 Qa5 12.a3 Nxc3 13.bxc3 e5 14.c5 e4 15.Nd2 dxc5
16.Nc4 Qd8 17.dxc5 Be6 18.Rfd1 Qe7 19.Nd6 Rab8 20.Qa4 Bxc3 21.Nxb7 Rxb7 22.Qxa6 Rfb8
23.Rbc1 Bb2 24.h4 Bxc1 25.Rxc1 Rb1 26.Rxb1 Rxb1+ 27.Kh2 Qd7 28.Bf4 Bd5 29.Qa5 e3
30.f3 Rb2 31.Qa6 Rb5 32.Bd6 f4 33.Qa4 fxg3+ 34.Kxg3 a5 35.Bh3 Be6 36.Qf4 Bf5
37.Qh6 Qe8 38.Bxf5 gxf5 39.Kf4 Rb7 40.h5 Qd8 41.Qe6+ Rf7 42.h6 Qd7 43.Qb3 Qd8
44.Qe6 Qd7 45.Qxe3 Rf6 46.Qb3+ Re6 47.a4 Qf7 48.Be5 Re8 49.Qxf7+ Kxf7 50.Kxf5 Re6
51.e4 Rxh6 52.Bc3 Rh5+  0-1

[Event "Open"]
[Site "Ptuj SLO"]
[Date "2009.08.06"]
[Round "6"]
[White "Slamar,V"]
[Black "Bejatovic,B"]
[Result "1-0"]
[WhiteElo "2215"]
[BlackElo "1809"]

1.Nf3 f5 2.d4 g6 3.g3 Nf6 4.Bg2 Bg7 5.c4 O-O 6.O-O d6 7.d5 a5 8.Nc3 Na6 9.Nd4 Nc5
10.Rb1 Bd7 11.b3 Qc8 12.Bb2 f4 13.gxf4 Bh3 14.e3 Nh5 15.f3 Bxg2 16.Kxg2 Nxf4+
17.exf4 Rxf4 18.Nce2 Rh4 19.Ne6 Nxe6 20.dxe6 Qxe6 21.Qd5 Qxd5 22.cxd5 Bh6
23.f4 Rf8 24.Rbc1 Rc8 25.Rf3 Rh5 26.Rd3 c6 27.Rc2 Rf5 28.Bc1 c5 29.Bd2 b6
30.a4 Rff8 31.Rc4 Rce8 32.Re4 Bg7 33.Be1 Bf6 34.Ng3 Bh4 35.Kh3 Bf6 36.f5 Be5
37.fxg6 hxg6 38.Bc3 Bxc3 39.Rxc3 Rf2 40.Rce3 Kf7 41.Ne2 Rf6 42.Nf4 Rf5 43.Kg4 Rf6
44.Ne6 Rc8 45.Ng5+  1-0

[Event "Yoel Geva YTGM"]
[Site "Tel Aviv ISR"]
[Date "2009.08.13"]
[Round "5"]
[White "Raznikov,D"]
[Black "Popilski,G"]
[Result "1/2-1/2"]
[WhiteElo "2270"]
[BlackElo "2392"]

1.Nf3 g6 2.c4 f5 3.d4 Bg7 4.g3 Nf6 5.Bg2 O-O 6.O-O d6 7.Nc3 c6 8.b3 Qa5 9.Bd2 Qc7
10.Rc1 Na6 11.d5 Bd7 12.a3 Nc5 13.b4 Nce4 14.Nxe4 Nxe4 15.Ng5 Nxd2 16.Qxd2 h6
17.Ne6 Bxe6 18.dxe6 Qc8 19.b5 Rf6 20.Rfe1 Kh8 21.bxc6 bxc6 22.Qa5 Rxe6 23.Qa4 Re5
24.Bxc6 Rb8 25.Qxa7 Rb2 26.Bf3 Ra2 27.Red1 Qc5 28.Qa8+ Kh7 29.Rd5 Qxa3 30.Qxa3 Rxa3
31.Rxe5 Bxe5 32.c5 dxc5 33.Rxc5  1/2-1/2

[Event "16th Vienna Open"]
[Site "Vienna AUT"]
[Date "2009.08.19"]
[Round "5"]
[White "Timoscenko,G"]
[Black "Kuziola,M"]
[Result "1-0"]
[WhiteElo "2482"]
[BlackElo "2327"]

1.d4 f5 2.g3 Nf6 3.Bg2 g6 4.Nf3 Bg7 5.O-O O-O 6.c4 d6 7.Nc3 e6 8.Qc2 Nc6
9.d5 Nb4 10.Qb3 Na6 11.dxe6 Nc5 12.Qc2 Bxe6 13.b3 Nfe4 14.Bb2 Nxc3 15.Bxc3 Bxc3
16.Qxc3 Qf6 17.Qd2 Rae8 18.e3 Re7 19.Nd4 Bf7 20.Ne2 Ne4 21.Qd3 Qe5 22.Rac1 Rd8
23.Rfd1 c6 24.Nc3 Nxc3 25.Qxc3 Red7 26.Rd4 a6 27.Qd2 d5 28.cxd5 Bxd5 29.Rc5 Qe6
30.Bxd5 Rxd5 31.Rdxd5 Rxd5 32.Rxd5 cxd5 33.Qc3 Qd7 34.h4 Kf7 35.Qe5 h5 36.Qh8 Qc6
37.Qh7+ Kf6 38.Qg8 Qc1+ 39.Kg2 Qc6 40.Qh8+ Kf7 41.Qd4 Qe6 42.Qc3 Qc6 43.Qxc6 bxc6
44.b4 Ke6 45.Kf3 Ke5 46.a3 d4 47.exd4+ Kxd4 48.Kf4 Kc4 49.Kg5 Kb3 50.Kxg6 Kxa3
51.Kxf5 Kxb4 52.g4 c5 53.gxh5 c4 54.h6 c3 55.h7 c2 56.h8=Q c1=Q 57.Qd4+ Kb5
58.Qe5+ Kc6 59.f4 Kb6 60.h5 a5 61.h6 Qc2+ 62.Kf6 a4 63.Qe6+ Kb7 64.Qe7+ Kb6
65.h7 Qb2+ 66.Qe5 Qh2 67.Qb8+  1-0

[Event "5th Geller Mem Open A"]
[Site "Odessa UKR"]
[Date "2009.08.21"]
[Round "2"]
[White "Varanitsa,Y"]
[Black "Reshetkov,K"]
[Result "0-1"]
[WhiteElo "1940"]
[BlackElo "2168"]

1.Nf3 f5 2.g3 Nf6 3.c4 g6 4.Bg2 Bg7 5.O-O O-O 6.d4 d6 7.Nc3 c6 8.Qc2 Re8
9.e4 e5 10.dxe5 dxe5 11.Bg5 h6 12.Bxf6 Qxf6 13.exf5 gxf5 14.Rad1 Nd7 15.Nh4 e4
16.Qe2 Qf7 17.Bh3 Ne5 18.c5 Be6 19.Rfe1 Nd3 20.Rxd3 exd3 21.Qxd3 Rad8 22.Qc2 f4
23.Bg2 Bxc3 24.Qxc3 Bd5 25.Bxd5 Rxe1+ 26.Qxe1 cxd5 27.Qd2 Qe6 28.Qxf4 Qe1+
29.Kg2 Qe4+ 30.Qxe4 dxe4 31.Nf5 Rd2 32.b4 Rxa2 33.b5 Rc2 34.c6 bxc6 35.bxc6 a5
36.Nxh6+ Kh7 37.Ng4 a4 38.Nf6+ Kg6 39.Nxe4 a3  0-1

[Event "BDO Premier"]
[Site "Haarlem NED"]
[Date "2009.08.23"]
[Round "9"]
[White "Steingrimsson,H"]
[Black "Reinderman,D"]
[Result "1/2-1/2"]
[WhiteElo "2544"]
[BlackElo "2565"]

1.d4 f5 2.g3 Nf6 3.Bg2 g6 4.Nf3 Bg7 5.O-O O-O 6.c4 d6 7.Nc3 Qe8 8.Re1 Qf7
9.e4 Nxe4 10.Nxe4 fxe4 11.Rxe4 Bf5 12.Rh4 Qxc4 13.Ng5 h6 14.b3 Qb5 15.a4 Qd7
16.Ne4  1/2-1/2

[Event "5th Gazi Open"]
[Site "Heraklion GRE"]
[Date "2009.08.23"]
[Round "3"]
[White "Tzardis,S"]
[Black "Tsilidis,A"]
[Result "1/2-1/2"]
[WhiteElo "2064"]
[BlackElo "2312"]

1.d4 f5 2.g3 Nf6 3.Bg2 g6 4.Nf3 Bg7 5.O-O O-O 6.c4 d6 7.Nc3 Nc6 8.d5 Ne5
9.Nxe5 dxe5 10.a4 h6 11.b4 g5 12.Qb3 f4 13.Ne4 Nxe4 14.Bxe4 Bf5 15.Qd3 Qd7
16.Bb2 Rad8 17.Bxf5 Rxf5 18.Qe4 Rdf8 19.g4 R5f7 20.f3 Qd6  1/2-1/2

[Event "II Open"]
[Site "Sabadell ESP"]
[Date "2009.09.03"]
[Round "3"]
[White "Peralta,Fe"]
[Black "Alonso Moyano,J"]
[Result "1/2-1/2"]
[WhiteElo "2565"]
[BlackElo "2389"]

1.d4 f5 2.g3 Nf6 3.Bg2 g6 4.Nf3 Bg7 5.O-O O-O 6.c4 d6 7.Nc3 Qe8 8.d5 Na6
9.Rb1 Bd7 10.b4 c6 11.dxc6 Bxc6 12.Qb3 Ne4 13.Bb2 h6 14.Nxe4 Bxe4 15.Bxg7 Kxg7
16.Nd4 Bxg2 17.Kxg2 Kh7 18.Qf3 Qc8 19.Rfc1 b6 20.Kg1 Qd7 21.Rd1 Rac8 22.Rbc1 Nb8
23.Qa3 Nc6 24.c5 dxc5 25.Nxc6 Qxc6 26.bxc5 bxc5 27.Qxa7 Rc7  1/2-1/2

[Event "6th LGA Premium Cup"]
[Site "Nuernberg GER"]
[Date "2009.09.04"]
[Round "3"]
[White "Martin Fernandez,R"]
[Black "Suess,S"]
[Result "1-0"]
[WhiteElo "2141"]
[BlackElo "1963"]

1.d4 f5 2.Nf3 Nf6 3.g3 g6 4.Bg2 Bg7 5.O-O O-O 6.c4 d6 7.Nc3 Qe8 8.d5 a5 9.Be3 Na6
10.Rc1 Ng4 11.Bd4 Bh6 12.Rb1 e5 13.dxe6 c5 14.Nd5 cxd4 15.Nxd4 Kh8 16.Nb5 Rb8
17.e7 Rg8 18.Nxd6  1-0

[Event "FSIMA September"]
[Site "Budapest HUN"]
[Date "2009.09.09"]
[Round "5"]
[White "Gruenhagen,M"]
[Black "Erdei,A"]
[Result "0-1"]
[WhiteElo "2113"]
[BlackElo "2132"]

1.d4 f5 2.c4 g6 3.Nf3 Nf6 4.g3 Bg7 5.Bg2 O-O 6.O-O d6 7.Nc3 c6 8.b3 e5 9.dxe5 dxe5
10.Ba3 Qxd1 11.Raxd1 Re8 12.e3 Bf8 13.Bb2 Nbd7 14.e4 fxe4 15.Ng5 e3 16.fxe3 Bh6
17.h4 Ng4 18.Nce4 Bxg5 19.hxg5 Nxe3 20.Rxd7 Bxd7 21.Nf6+ Kg7 22.Nxd7 Nxf1
23.Bxf1 Rad8 24.Nxe5 Rd2 25.Bc3 Rc2 26.Bd4 Kg8 27.c5 Rd8 28.Nf3 Rxa2 29.Bc4+ Kf8
30.b4 Ra3 31.Bf6 Rxf3 32.Bxd8 Rxg3+ 33.Kf2 Rg4 34.Be6 Re4 35.Bc8 Re8 36.b5 Rxd8
37.Bxb7 Rd5  0-1

[Event "II Open"]
[Site "Sabadell ESP"]
[Date "2009.09.09"]
[Round "8"]
[White "Cruz,Cr"]
[Black "Mellado Trivino,J"]
[Result "1-0"]
[WhiteElo "2531"]
[BlackElo "2422"]

1.c4 f5 2.d4 Nf6 3.g3 g6 4.Bg2 Bg7 5.Nf3 O-O 6.O-O d6 7.Nc3 Qe8 8.d5 Na6
9.Rb1 c5 10.dxc6 bxc6 11.b4 Bd7 12.a3 Nc7 13.Bb2 h6 14.Nd4 e5 15.Nb3 Qe6
16.Na5 e4 17.e3 d5 18.Ne2 dxc4 19.Rc1 Ncd5 20.Rxc4 g5 21.Nd4 Qe8 22.Ndxc6 f4
23.exf4 gxf4 24.Rxe4 Nxe4 25.Qxd5+ Be6 26.Qxe4 Bxb2 27.Re1 Bf7 28.Qb1 Bg6
29.Ne7+ Qxe7 30.Qxg6+ Qg7 31.Qxg7+ Kxg7 32.Bxa8 fxg3 33.hxg3 Rxa8 34.Nc4 Bf6
35.b5 Rd8 36.a4 Rd3 37.Re4 Bd4 38.Kg2 Bc5 39.Re5 Bb4 40.Ne3 Rd2 41.Rd5 Rxd5
42.Nxd5 Bc5 43.f4  1-0

[Event "ch-NED w"]
[Site "Haaksbergen NED"]
[Date "2009.09.15"]
[Round "4"]
[White "Middelveld,M"]
[Black "De Mie,M"]
[Result "0-1"]
[WhiteElo "2078"]
[BlackElo "2192"]

1.d4 f5 2.c4 Nf6 3.g3 g6 4.Bg2 Bg7 5.Nf3 O-O 6.O-O d6 7.Nc3 Qe8 8.d5 a5 9.Nd4 Na6
10.Rb1 Bd7 11.b3 c6 12.Bb2 Nc7 13.Re1 Rb8 14.e4 c5 15.Nc2 fxe4 16.Nxe4 Nxe4
17.Bxe4 Qf7 18.Qe2 Rbe8 19.Bxg7 Kxg7 20.Ne3 b5 21.Qb2+ Qf6 22.Re2 Rb8 23.Qxf6+ exf6
24.Bd3 b4 25.Kg2 a4 26.Nf1 Kf7 27.Rbe1 Rfe8 28.Nd2 Rxe2 29.Rxe2 Ra8 30.f3 Ne8
31.g4 axb3 32.axb3 Ra1 33.Kf2 Rc1 34.Nb1 Ng7 35.Re1 Rxe1 36.Kxe1 h5 37.h3 f5
38.Be2 g5 39.Kf2 Kf6 40.Nd2 Ke5 41.Ke3 Be8 42.Nf1 f4+ 43.Kd2 Kd4 44.Bd3 Bf7
45.Nh2 h4 46.Nf1 Ne8 47.Kc2 Nf6 48.Kd2 Nd7 49.Kc2 Ne5 50.Be4 Be8 51.Kd2 Bg6
52.Bxg6 Nxg6 53.Ke2 Kc3 54.Nd2 Kc2 55.Ne4 Kxb3 56.Nxd6 Ne5 57.Ne4 Kxc4 58.d6 b3
59.Kd1 Kd5 60.Nxg5 Kxd6 61.Kd2 Kd5 62.Kc3 c4 63.Kb2 Kd4 64.Ne6+ Ke3 65.Ng5 Kd2
66.Ne4+ Ke2 67.Ng5 Nd3+ 68.Kc3 b2 69.Kc2 c3 70.Ne4 Nb4+ 71.Kb1 Nd5 72.g5 Kxf3  0-1